000 00840nam a2200277Ia 4500
005 20250425162243.0
008 250425s9999 xx 000 0 und d
020 _a9684220901
041 _aspa
082 _a624
100 _aMERRITT, FREDERICK S.
245 0 _aMANUAL DEL INGENIERO CIVIL
250 _a3A ED.
260 _aEstados Unidos
_bMCGRAW - HILL
_c1992
260 _aS.L.
500 _aTítulo Traducido: STANDARD HANDBOOK FOR CIVIL ENGINEERS
650 _aDISEÑO Y CONSTRUCCION CON ACERO FORMADO EN FRIO
650 _aDISEÑO Y CONSTRUCCION EN ACERO ESTRUCTURAL
650 _aDISEÑO Y CONSTRUCCION EN CONCRETO
650 _aDISEÑO Y CONSTRUCCION EN MADERA
650 _aMOVIMIENTO DE TIERRAS
650 _aTOPOGRAFIA
700 _aJOSE E. DE LA CERA ALONSO
_etraductor
942 _c01
010 _a58852
999 _c225464
_d225464